[Event "Tbilisi FIDE GP"]
[Site "Tbilisi"]
[Date "2015.02.22"]
[Round "7"]
[White "Jakovenko, Dmitrij"]
[Black "Giri, Anish"]
[Result "1-0"]
[WhiteElo "2733"]
[BlackElo "2797"]
[Annotator "Meulders,R"]
[PlyCount "111"]
[EventDate "2015.02.15"]
[EventType "tourn"]
[EventRounds "11"]
[EventCountry "GEO"]
[EventCategory "20"]
[SourceTitle "CBM 165"]
[Source "ChessBase"]
[SourceDate "2015.03.11"]
[SourceVersion "1"]
[SourceVersionDate "2015.03.11"]
[SourceQuality "1"]

1. Nf3 f5 2. d4 Nf6 3. c4 g6 4. g3 d6 5. Bg2 Bg7 6. O-O O-O 7. Nc3 c6 8. Rb1
Ne4 (8... a5 {The major alternative to 8...Ne4 is 8...a5. Both moves of course
want to hinder White's advance on the queenside.} 9. d5 e5 10. dxe6 Bxe6 11. b3
Na6 12. Bf4 Nh5 13. Bg5 Qc7 14. Qd2 Nc5 15. Rfd1 Rae8 16. Be3 f4 17. Bd4 fxg3
18. hxg3 Nf6 19. Rbc1 Bf5 20. Nh4 Bc8 21. Bf3 Qe7 22. Ng2 Bf5 {1/2-1/2 (22)
Gustafsson,J (2647)-Halkias,S (2579) Reykjavik 2011}) 9. Qc2 Nxc3 (9... e5 10.
Rd1 Qf6 11. dxe5 dxe5 12. Be3 Nxc3 13. Qxc3 Nd7 14. c5 e4 15. Bd4 Qe7 16. Bxg7
Qxg7 17. Nd4 a5 18. Rbc1 Nf6 19. e3 g5 (19... Nd5 20. Qa3 g5 21. Rc4 Qe5 22.
Ra4 f4 23. Nc2 Bf5 24. Rdd4 fxg3 25. hxg3 h5 26. Bxe4 $2 (26. Qb3 Rf7 27. Ne1
Nf6 $11) 26... Bxe4 27. Rxe4 Qf5 28. f4 Qg4 $19) 20. Bf1 Kh8 21. Bc4 Re8 (21...
Qe7) 22. Ne2 Nd7 23. Rd6 $6 (23. Qa3 $14) 23... Nxc5 24. Qxg7+ Kxg7 25. Nd4 a4
26. Rc3 Ra5 27. Kg2 h6 28. b4 axb3 29. axb3 Ra3 30. h4 Rf8 31. Be2 Na4 32. Rc1
Nb6 33. hxg5 hxg5 34. Rh1 $2 (34. Nxc6 bxc6 35. Rcxc6 Nd7 36. Rg6+ Kf7 37. Rge6
Rxb3 38. Bd1 Rb2 39. Bh5+ Kg8 40. Rg6+ $11) 34... Rf6 35. Rh7+ Kxh7 36. Rxf6
Kg7 37. Rd6 Kf7 38. Bh5+ (38. Nxc6 $1 bxc6 39. Rxc6 Rxb3 40. Rxc8 Nxc8 41. Bc4+
$11) 38... Ke7 39. Rg6 Nd5 40. Rxg5 c5 $15 {1/2-1/2 (60) Tomashevsky,E (2733)
-Wang Hao (2739) St Petersburg 2012}) 10. bxc3 {This strengthens the position
of the d4-pawn but on the other hand it leaves a weakling on c4. Throughout
the game, this is an annoying factor for White. Taking with the queen keeps
the pawn structure harmonious, but the vis-à-vis of Bg7-Qc3 is unpleasant for
White.} (10. Qxc3 Nd7 11. Ng5 Nf6 12. c5 dxc5 13. dxc5 Nd5 14. Qb3 b6 15. Rd1
e6 $11) 10... e5 ({Relevant:} 10... Qc7 11. c5 dxc5 12. Bf4 Qa5 13. Qb3+ Kh8
14. Ng5 Bf6 15. Nf7+ Kg8 16. Nd6+ Kh8 17. Nxb7 Bxb7 18. Qxb7 Na6 19. Bxc6 Rac8
20. Bd7 Rcd8 21. Bb5 g5 22. Qxa6 Qxa6 23. Bxa6 gxf4 24. dxc5 Rd5 25. c6 Rc5 26.
Bb7 Be5 27. Rfd1 fxg3 28. hxg3 f4 29. g4 Bd6 30. Rd3 Rg8 31. f3 Rgg5 32. Kf2
Kg7 33. a4 Rc4 34. Rb5 h6 35. Rxg5+ hxg5 36. a5 Kf6 37. a6 Ke5 38. c7 Rxc7 39.
Rd5+ Ke6 40. Rxg5 {Jakovenko,D (2747)-Motylev,A (2686) Yaroslavl 2014 1-0 (71)}
) 11. dxe5 dxe5 12. Ba3 Rf7 13. Rfd1 Nd7 (13... Rd7 14. e4 fxe4 15. Nd2 e3 16.
fxe3 Bf8 17. c5 Bh6 18. Nc4 Rxd1+ 19. Qxd1 Qxd1+ 20. Rxd1 $14) 14. e4 Bf8 15.
Bxf8 Qxf8 16. Qd2 $146 (16. exf5 gxf5 17. Ng5 Re7 18. Rd6 Nc5 19. Qd1 Be6 20.
Qd2 Bd7 21. Qe3 b6 22. Rbd1 {1/2-1/2 (22) Moreno,A (2383)-Polsterer,H (2448)
ICCF email 2009; and now that the game really begins, the players agreed on a
draw.}) 16... Rf6 (16... f4 17. Qd6 Rf6 18. Qxf8+ Rxf8 $11) 17. exf5 gxf5 18.
Qg5+ Rg6 19. Qe3 e4 20. Nh4 Rg7 21. f3 exf3 22. Qxf3 $14 {White has the more
active position (Ra8 isn't doing anything yet) and there's the weakling on f5
to worry about. The only drawback of the white position is that in a possible
endgame the doubled isolated c-pawns are a disaster.} Nc5 23. Rd4 $6 (23. Rf1
Rf7 24. Bh3 f4 25. Bxc8 Rxc8 26. Qg4+ Kh8 27. Ng2 f3 (27... Nd3 28. Nxf4 Nxf4
29. Rxf4 Rxf4 30. Qxf4 Qxf4 31. gxf4 b6 32. Kf2 $14)) 23... Ne6 (23... Be6 $2
24. Bh3 $16) 24. Rd2 (24. Nxf5 Rg5 (24... Nxd4 $4 25. Nh6+) 25. Nd6 Qxf3 26.
Bxf3 Nxd4 27. cxd4 Ra5 28. Rb2 Bh3 29. Nxb7 Rf5 30. Bg2 Bxg2 31. Kxg2 Rb8 32.
Rb3 $11) 24... Ng5 25. Qf4 $14 Be6 26. Re1 (26. Rf2 Re8 27. Nxf5 Bxf5 28. Qxf5
Qxf5 29. Rxf5 Ne4 30. Rc1 Rd7 31. c5 h6 32. Re1 Rde7 33. Re3 $14) 26... Qf6 27.
Qd4 (27. Rde2 $14) 27... Rf8 $11 {Black is fully developed, his pieces are
active and the weakness of the f5-pawn is compensated for by White's c3 and c4.
} 28. Rf2 Rgf7 29. Qxf6 (29. Rf4 Qxd4+ 30. Rxd4 f4 $15) 29... Rxf6 30. Rf4 h6
31. a3 Kg7 32. Re5 Kg8 (32... a6 33. a4 R6f7 34. a5 Bc8 35. Bf1 Be6 $11) 33.
Bf1 a6 34. Kg2 Rd8 $6 {Black is playing for a win and avoids a possible
repetition of moves, e.g.} (34... Nf7 35. Re3 Nd6 36. Re5 Nf7 $11) 35. g4 $1
$14 {Immediately exploiting the unprotected position of the Rf6.} Rd2+ 36. Re2
Rd3 $6 {Still playing for a win, which is unwise in the present position,
where Black should strive for the balance.} (36... Rxe2+ 37. Bxe2 Ne4 38. gxf5
Nxc3 39. Rg4+ Kf8 40. Bd3 Bf7 41. Ng6+ Bxg6 42. fxg6 Kg7 43. Rd4 b5 44. Rd7+
Kg8 45. Ra7 Rd6 46. cxb5 axb5 47. Bf5 Rf6 48. Bc2 c5 49. Rc7 c4 50. Rb7 Rd6 51.
Kf3 Re6 $11) 37. gxf5 Bf7 38. Re8+ $1 {Simplifying the position and getting
rid of the active rook on d3.} Bxe8 39. Bxd3 c5 40. Rg4 Rb6 $5 {Black might
still reach a draw by swinging the other rook to an active position, but now
he has to work hard for it.} (40... Rd6 41. Be4 (41. Rg3 Bc6+ 42. Kf2 Kf7 43.
Ke3 Kf6 44. Ng2 Kf7 45. h4 Nf3 46. Be2 Ne5 47. Kf4 Rd2 48. Re3 Nd7 49. Ne1 Ra2
50. Bh5+ Kg8 51. Re8+ Nf8 52. Re7 Rf2+ 53. Ke5 Nd7+ 54. Ke6 Rf1 55. Nd3 $18)
41... Bh5 42. Rg3 Rd2+ 43. Kg1 Rd1+ 44. Kg2 Rd2+ $11) 41. Ng6 Rb2+ 42. Kg3 Bxg6
43. fxg6 Rb3 44. Bf5 $6 ({The active} 44. Kf4 $1 {gives White good chances}
Rxc3 45. Rg3 Kg7 (45... Rxa3 $2 46. Ke5 $18) 46. Ke5 b5 47. cxb5 c4 48. Bf5
Rxg3 49. hxg3 axb5 50. g4 Nh3 51. Kd4 $16) 44... Rxc3+ 45. Kg2 Rxa3 (45... Kg7
46. h4 Nf3 47. Re4 Kf6 48. Rf4 Nxh4+ 49. Rxh4 Kxf5 50. g7 Rc2+ 51. Kf1 Rc1+ 52.
Kf2 Rc2+ {and White has to acquiesce in a repetition of moves or allow the
rook to go to g2.}) 46. h4 Ra2+ $2 {This hastens the end. As so often in these
cases, Black should have adhered to the adage that it's better to keep the
king cut off than to chase him to good squares by checking him. But in the end
the game most likely couldn't be saved anyway.} (46... Nf3 47. Re4 Kf8 48. Bc8
Nd4 49. Rf4+ Kg7 50. h5 $16) 47. Kg3 $18 Ra3+ 48. Kg2 (48. Kf4) 48... Ra2+ 49.
Kg3 Ra3+ 50. Kf4 $1 Nh3+ 51. Ke5 Kg7 52. Rg2 Rf3 53. Rd2 Nf4 54. Rd7+ Kg8 55.
Rxb7 Nh5 56. Be6+ 1-0

[Event "Gibraltar Masters 12th"]
[Site "Caleta"]
[Date "2014.01.29"]
[Round "2"]
[White "Solomon, Kenny"]
[Black "Lenderman, Aleksandr"]
[Result "0-1"]
[WhiteElo "2351"]
[BlackElo "2561"]
[Annotator "Meulders,R"]
[PlyCount "76"]
[EventDate "2014.01.28"]
[EventType "swiss"]
[EventRounds "10"]
[EventCountry "GGB"]
[SourceTitle "CBM 159"]
[Source "ChessBase"]
[SourceDate "2014.03.17"]
[SourceVersion "1"]
[SourceVersionDate "2014.03.17"]
[SourceQuality "1"]

1. d4 f5 2. c4 Nf6 3. Nf3 g6 4. g3 Bg7 5. Bg2 O-O 6. O-O d6 7. Nc3 c6 8. b4 Kh8
9. Bb2 Nbd7 10. Qb3 {Always a useful move in Leningrad Dutch positions.} Nb6
$146 11. Rad1 $6 (11. a4 {intending to chase the knight seems logical and
strong.} Be6 12. d5 cxd5 13. cxd5 Bg8 (13... Nbxd5 $4 14. Nd4 Bf7 15. Nxd5 e5
16. Nc2 $18) 14. Rfd1 {and White has a very fine game.}) 11... d5 $1 12. cxd5
cxd5 13. Ne5 Be6 14. Na4 $6 {White is aiming for a draw. However, often draws
can be achieved by more ambitious play.} (14. b5 Rc8 15. e3 Bg8 16. Rc1 {
with an edge.}) 14... Nxa4 15. Qxa4 $11 Ne4 16. Qb3 $6 (16. Rc1) 16... Rc8 17.
Nd3 (17. e3) 17... b6 18. Ne5 {Ever since move 14, White appears to have been
playing without a plan, other than achieving a draw.} Rc7 19. Bxe4 $2 {Why
give up this beautiful bishop?} (19. f3 Nd6 20. e3 Nc4 21. f4 {is about equal.}
) 19... fxe4 20. Rc1 $11 Bh6 21. Rxc7 Qxc7 22. f4 exf3 23. Rxf3 Rxf3 24. exf3
Bg7 25. Qc3 Bxe5 26. dxe5 Qd7 {Of course everything in the position points to
a probable quick draw, but the stronger player wants to 'milk' the position a
little.} 27. Qd2 Kg8 28. Kf2 Qb5 29. g4 {This smells of time trouble because
it's typical for a player who has been aiming for a draw to suddenly burst
into activity when short of time. White should simply have done nothing.} (29.
Kg2 h5 30. Bd4 Qc4 31. h4) 29... Qc4 30. Bd4 Kf7 31. a3 Qb3 32. Qc3 (32. Qh6
Kg8 33. Qe3 Qc2+ 34. Kg3 Qd1 35. Qg1 Qd2 36. Qf2 {and White draws every time.})
32... Qd1 33. Kg3 h5 $5 {A bit of bluff in time trouble can sometimes win the
day, especially against a lower-rated opponent.} 34. gxh5 $2 {White is playing
with fire.} (34. h3) 34... gxh5 35. Qa1 $4 {What a horrible move, putting the
queen out of the game. I have a suspicion Black had been hoping for this:
White is desperately trying to exchange queens and this seems a plausible way
to do so but he now loses on the spot.} ({After} 35. Qe3 {White will suffer a
little, but should still manage to hold on to a draw.} Qf1 36. Qf4+ Ke8 37. Be3
Qa1 38. Bc1 Qc3 39. Qe3 Qc4 40. Qf4 Qf1 41. Be3 {etc.}) 35... h4+ {Ouch...
nothing works any more.} 36. Kxh4 (36. Kf4 Qd2+ 37. Be3 Qxh2+ 38. Kg5 Qg3+ {
and Black soon mates}) ({The longest and cruellest way to lose would have been
} 36. Kg2 Qe2+ 37. Bf2 Bh3+ $1 38. Kxh3 Qxf3+ 39. Bg3 hxg3 40. hxg3 Ke6 41. Qd4
Kf5 42. Kh2 Qe4 43. Qf2+ Kxe5 $19) 36... Qxf3 37. Qg1 Qf4+ 38. Kh5 Kf8 (38...
Kf8 39. Be3 Bf7+ 40. Qg6 Qf5+ $19) 0-1

[Event "EU-ch 15th"]
[Site "Yerevan"]
[Date "2014.03.05"]
[Round "3"]
[White "Yilmaz, Mustafa"]
[Black "Motylev, Alexander"]
[Result "0-1"]
[WhiteElo "2557"]
[BlackElo "2656"]
[Annotator "Meulders,R"]
[PlyCount "70"]
[EventDate "2014.03.03"]
[EventType "swiss"]
[EventRounds "11"]
[EventCountry "ARM"]
[SourceTitle "CBM 160"]
[Source "ChessBase"]
[SourceDate "2014.05.15"]
[SourceVersion "1"]
[SourceVersionDate "2014.05.15"]
[SourceQuality "1"]

1. d4 f5 2. g3 Nf6 3. Bg2 g6 4. Nf3 Bg7 5. c4 O-O 6. O-O d6 7. Nc3 c6 8. b3 {
This is the second most popular move after 8.d5.} (8. d5 e5 9. dxe6 Bxe6 10. b3
Na6 11. Bb2 Qe7 12. Ng5 Rad8 {I tend to side with Bobby Fischer, that in
general a bishop is worth 3 1/4 pawns (a knight 3 pawns) and is therefore
worth keeping, if possible, so...Bd7 instead of ...Rad8.} (12... Bd7 13. Qd2
Rad8 14. Rad1 Bc8 15. Rfe1 h6 16. Nh3 Nc5 17. Nf4 Qf7 18. Ba3 g5 19. Nd3 Nce4
20. Qc2 Rfe8 (20... Nxc3 21. Qxc3 Ne4 22. Qc2 Rfe8 23. Bb2 Nf6 $11) 21. Bb2 Ng4
22. e3 $2 (22. h3 $11) 22... Qh5 (22... Nexf2 $1 23. Nxf2 Nxe3 24. Qd2 Nxd1 25.
Ncxd1 Rxe1+ 26. Qxe1 Re8 27. Qa5 Bxb2 28. Nxb2 f4 29. Nbd3 f3 30. Bf1 a6 $17)
23. h3 Ne5 $2 (23... Nexf2 $1 24. hxg4 Nxg4 25. Bf3 Qh3 26. Bxg4 (26. Qg2 Qxg2+
27. Bxg2 Rxe3 28. Rxe3 Nxe3 29. Re1 Nxg2 30. Kxg2 Kf7 $15) 26... Qxg3+ 27. Qg2
Rxe3 $1 28. Rxe3 Qxe3+ 29. Qf2 Qxf2+ 30. Kxf2 fxg4 $17) 24. Nxe5 Nxc3 25. g4 (
25. Nxc6 $1 Nxd1 26. Bd5+ Kh7 27. Nxd8 Rxd8 28. Bxg7 $18) 25... fxg4 26. hxg4
Bxg4 27. Nxg4 Nxd1 28. Bxg7 Kxg7 29. Qxd1 $18 Qg6 30. Qd4+ Kf7 31. Qxa7 Re7 32.
e4 Qe6 33. Ne3 Kg6 34. Rd1 Red7 35. Nf5 Qe5 36. Qe3 Qf4 37. Qxf4 gxf4 38. Kf1
h5 39. Nh4+ Kf6 40. Nf3 Rf7 41. Bh3 Ke7 42. a4 Rf6 43. Nh4 Ke8 44. Ke2 d5 45.
cxd5 cxd5 46. exd5 b5 47. a5 Rf7 48. Be6 Rc7 49. Nf5 Rc3 50. Rg1 {1-0 (50)
Nguyen,N (2616)-Chua Zheng Yuan,T (2256) Kolkata 2009}) 13. Nxe6 Qxe6 14. e3
Nc5 15. Qc2 Rfe8 16. Rad1 Ng4 17. Rfe1 Qf7 18. h3 Nf6 19. b4 Nce4 20. Nxe4 Nxe4
21. Bxg7 Qxg7 22. b5 Qe5 23. bxc6 bxc6 24. Rd4 Rd7 25. Red1 h5 26. h4 Kh7 27.
Qa4 $2 Qc5 $4 (27... Nxf2 $1 28. Kxf2 Qxe3+ 29. Kf1 Qxg3 30. Qc2 c5 31. Rd5
Qf4+ 32. Kg1 Rde7 33. Qf2 Qg4 $15) 28. Rd5 $1 Qb6 29. c5 $1 Nxc5 $4 (29... Qc7
30. cxd6 $16) 30. Rxc5 $1 Qxc5 31. Bxc6 {1-0 (31) Carlsen,M (2801)-Cmilyte,V 
(2480) Oslo 2009}) 8... Na6 9. Bb2 Qc7 10. d5 e5 11. dxe6 Bxe6 12. Ng5 Bd7 13.
Qd2 ({Relevant:} 13. Qc2 Rad8 14. Rad1 Nc5 15. e3 a5 16. Rfe1 Bc8 17. Qb1 Rfe8
18. Qc2 Qe7 19. Nf3 Ng4 20. h3 Ne5 21. Nd4 Nf7 22. f4 Qc7 23. Kh2 Re7 24. Re2
Rde8 25. Rde1 Qb6 $11 {Giri,A-Ponomariov,R Beying Sportaccord blitz 2013.
White lost afterwards - he fell prey to mate in one in a completely winning
position.}) 13... Rad8 14. Rfd1 Bc8 15. Rac1 Qe7 {This position, after Black's
15th move, is identical to Nguyen-Chua Zheng Yuhan 2009, with the exception of
the position of the white rooks. In the Nguyen game they're on f1 and d1; in
this game they're on d1 and c1. The rook on d1 is always well-placed, bearing
down the d-file with pressure on d6. Neither the f1-rook nor its colleague on
c1 are doing very much. That rook should be on e1, but in order to reposition
to achieve this, Yilmaz would need 2 moves. Paradoxically Yilmaz, being a
tempo up on Nguyen in his game, would have to waste one to reach the same
position as Nguyen.} 16. e3 Nc5 17. b4 $146 (17. Qc2 Ng4 18. Nf3 Ne4 19. Rf1
Ngf6 20. Rcd1 Be6 21. Nd2 d5 22. cxd5 Nxc3 23. Bxc3 Bxd5 24. Bd4 Bxg2 25. Kxg2
Qc7 $11 {Georgiev,K (2625)-Vovk,A (2605) Skopje 2014, 1-0 (46)}) 17... h6 18.
Nh3 Nce4 19. Nxe4 fxe4 20. Nf4 Bf5 21. h3 g5 22. Ne2 h5 23. b5 {The normal
recipe: a queenside attack versus a kingside attack. Only defending the king
is so much more difficult than trying to get a queenside advantage.} Qd7 24.
bxc6 bxc6 25. Kh2 Rf7 $5 {The most complicated and ambitious move. Other lines
are more simplifying.} (25... h4 26. gxh4 g4 27. Ng3 Qe6 (27... gxh3 28. Bxf6
Rxf6 29. Bxe4 Bg4 30. Rg1) 28. Nxf5 Qxf5 29. Rg1 Nh5 30. Bxg7 Nxg7 $11) (25...
c5 26. Nc3 Qe6 27. Nd5 Nxd5 28. Bxg7 Kxg7 29. Qxd5 Qxd5 30. Rxd5 Kf6 31. Rcd1
Be6 32. Rxd6 Rxd6 33. Rxd6 Ke5 34. Rc6 Rxf2 35. Rxc5+ Kf6 36. Kg1 Re2 37. h4
gxh4 38. gxh4 Bf5 39. Rc6+ Ke5 40. Rc5+ Kf6 41. Rc6+ $11) 26. Bc3 Qc8 27. Ba5 {
This is risky. White goes for a pawn, but is distracted from the defence of
his king.} (27. Qc2 $1) 27... Rdf8 28. Qxd6 h4 29. Qd8 $2 (29. Nd4 g4 30. Nxf5
Qxf5 31. Be1 gxh3 32. Bxh3 Ng4+ 33. Kg1 Qf3 34. Bg2 Qf5 35. Bh3 $11) 29... Bxh3
$1 30. Bxh3 $4 {This quickly loses. It was absolutely necessary to exchange
queens and settle for a marginally inferior to equal position.} (30. Qxc8 Bxc8
31. Bb4 Re8 32. Rf1 $11 {/=/+}) 30... Ng4+ 31. Kg1 Qf5 $19 32. Bxg4 Qxg4 33.
Nf4 (33. Qd6 Qf3 $1 (33... Qxe2 34. Rd2 Qf3 35. Qe6 hxg3 36. fxg3 Qxe3+ $19)
34. Nf4 hxg3 35. fxg3 Qxg3+ 36. Ng2 Be5 37. Qg6+ Rg7 38. Qe6+ Kh7 $19) 33...
hxg3 34. fxg3 Qxg3+ 35. Ng2 Rf2 0-1

[Event "Qatar Masters op"]
[Site "Doha"]
[Date "2014.11.26"]
[Round "1"]
[White "Khademalsharieh, Sarasadat"]
[Black "Oleksienko, Mikhailo"]
[Result "0-1"]
[WhiteElo "2378"]
[BlackElo "2620"]
[Annotator "Meulders,R"]
[PlyCount "122"]
[EventDate "2014.11.26"]
[EventType "swiss"]
[EventRounds "9"]
[EventCountry "QAT"]
[SourceTitle "CBM 164"]
[Source "ChessBase"]
[SourceDate "2015.01.15"]
[SourceVersion "1"]
[SourceVersionDate "2015.01.15"]
[SourceQuality "1"]
[WhiteClock "1:30:30"]
[BlackClock "1:30:30"]

1. d4 f5 2. c4 Nf6 3. Nf3 g6 4. g3 Bg7 5. Bg2 O-O 6. O-O d6 7. Nc3 c6 8. d5 e5
9. dxe6 Bxe6 10. Qd3 Qe7 (10... d5 $2 11. Ng5 $16) 11. Bf4 d5 {Now this move
can be played without any problem.} 12. cxd5 Nxd5 13. Be5 {In a way this sets
the pattern for the whole game: faced with an opponent rated nearly 250 elo
points higher, White wants to exchange off as many pieces as soon as possible..
.} ({White is not interested in the possible complications resulting from} 13.
Bg5 Qf7 14. Nxd5 Bxd5 15. Bf4 {Even though he need not fear them:} Bxb2 $2 (
15... h6 16. Rad1 Nd7 17. Qd2 $13) 16. Ng5 Qd7 17. Bxd5+ cxd5 18. Rab1 Bf6 19.
Rb5 Rd8 20. Qb3 b6 21. Rd1 $18) 13... Bxe5 14. Nxe5 Nb4 15. Qd2 $146 N8a6 16.
a3 Rad8 17. Qc1 Nd5 18. Nd3 Qf6 19. Nxd5 Bxd5 20. Bxd5+ Rxd5 21. Qc4 Kh8 22. b4
Nc7 {Black has equality but not more. To get more than a draw, Oleksienko has
to depend on his opponent overreaching or making another kind of mistake.} (
22... Rfd8 23. Nf4 Rd4 24. Qb3 Nc7 25. Rad1 a6 26. e3 R4d6 27. Nd3 Kg7 28. Nc5
b6 29. Rxd6 Rxd6 30. Na4 Nd5 31. Rd1 Rd8 32. Qd3 Ra8 33. f3 a5 34. b5 Re8 35.
bxc6 Qxc6 36. Qxd5 Qxa4 37. Qd7+ Qxd7 38. Rxd7+ Kf8 39. Kf2 Rc8 {with equal
chances.}) 23. Nf4 Rd6 24. Rad1 Rfd8 25. Rxd6 Qxd6 26. h4 Kg7 27. Rc1 Kf6 {
Quite provocative, this king sortie at this stage. It's clear that Black won't
settle for a draw.} 28. Qc3+ $2 {'Patzer sieht Schach...' It's not so much the
check in itself that brings White into trouble, but the idea behind it.
Apparently Khademalsharieh wants to exchange queens, and this is a bad idea,
since in a reduced endgame, Black's queenside pawn majority is a definite
advantage. White should have kept the queens on the board. Given the exposed
position of the black king, this would have sufficed for a comfortable draw at
least. Unfortunately White still appears to be thinking that simply exchanging
pieces will lead to a draw, a mistake he continues in the rest of the game.} (
28. e4 fxe4 29. Qxe4 Kg7 30. Qe3 Qd2 31. Qe5+ Kg8 32. Rf1 $11) 28... Qd4 29.
Qxd4+ $6 (29. Qb3 $11) 29... Rxd4 30. Nd3 Ne6 31. Rc3 Ke7 32. e3 Rd5 33. Kf1
Kd6 34. Ke2 c5 35. bxc5+ $2 {White allows Black to penetrate even further.} (
35. f3 $1 cxb4 36. axb4 a5 37. bxa5 Rxa5 38. Rc2 Nc5 39. Nf4 b5 40. Rd2+ Kc6
41. h5 {and now there are several lines leading to a draw, e.g.} gxh5 42. Nxh5
b4 43. Ng7 b3 44. Nxf5 Ra2 45. Nd4+ Kb6 46. Nxb3 Nxb3 47. Rxa2 Nc1+ 48. Kf2
Nxa2 49. g4 Nc3 50. Kg3 Kc5 51. Kh4 $11) 35... Nxc5 36. Nxc5 $2 (36. Nf4 Re5
37. f3 $11) 36... Rxc5 37. Rb3 b5 $15 {The beginning of the end is coming near.
..} 38. Kd3 a5 39. e4 fxe4+ 40. Kxe4 Rc4+ $1 {Chasing the king back.} 41. Ke3
Kc5 42. Kd2 ({It's too late to try and start a counter-offensive:} 42. f4 a4
43. Rd3 b4 44. axb4+ Kxb4 45. g4 a3 46. f5 a2 $19) 42... b4 43. axb4+ axb4 44.
Rf3 {At last the white rook is liberated and poised to move to the back rank,
but it's too late.} h5 $1 45. Re3 Kb5 46. Re6 (46. f3 Rc6 $1 {En route to
protecting the pawns from the back.} 47. g4 Ka4 48. Re8 Ka3 49. Ra8+ Kb2 50.
gxh5 gxh5 51. Ra5 Rh6 $19) 46... b3 47. Rxg6 b2 48. Rg8 Ka4 49. Ra8+ (49. Rb8
Ka3 50. f4 Rc5 51. Kd3 Rc8 52. Rb5 Ka2 53. Ra5+ Kb3 54. Rb5+ Ka3 55. Rb7 Ka2
56. Ra7+ Kb1 $1 {Now that White can't take on h5, the black king moves to the
bottom rank, behind the pawn.} 57. Kd2 Rc2+ 58. Kd1 Rc5 59. Rd7 Ka2 60. Ra7+
Kb3 61. Rb7+ Kc3 62. Rb8 Rc4 63. Rb7 Rd4+ 64. Ke2 Rb4 $19) 49... Kb3 50. Rb8+
Ka2 51. Ra8+ Kb1 52. f4 Rc5 $1 53. Ra7 Rd5+ 54. Ke3 {It would have been no
crime to resign in this long lost position.} Kc2 55. Rc7+ Kb3 56. Rb7+ Kc3 57.
Rxb2 (57. Rc7+ Kb4 58. Rb7+ Rb5 $19) 57... Kxb2 58. Ke4 Rd8 59. f5 Kc3 60. f6
Rf8 61. Kf5 Kd4 (61... Kd4 62. Ke6 Ke4 63. Ke7 Ra8 64. f7 Kf3 $19) 0-1

[Event "URS U26-ch"]
[Site "Jurmala"]
[Date "1983.02.01"]
[Round "5"]
[White "Shneider, Aleksandr"]
[Black "Gurevich, Mikhail"]
[Result "1-0"]
[WhiteElo "2415"]
[BlackElo "2445"]
[Annotator "Notkin,M"]
[PlyCount "79"]
[EventDate "1983.01.27"]
[EventType "tourn"]
[EventRounds "15"]
[EventCountry "URS"]
[EventCategory "8"]
[SourceTitle "MCL"]
[Source "ChessBase"]
[SourceDate "1999.07.01"]
[SourceVersion "1"]
[SourceVersionDate "1999.07.01"]
[SourceQuality "1"]

1. d4 d6 2. c4 f5 3. g3 Nf6 4. Bg2 g6 5. Nh3 c6 6. d5 e5 (6... Bg7 7. Nf4 O-O
8. Nc3 e5 9. dxe6 Qe7 10. O-O Bxe6 11. Nxe6 Qxe6 12. Bf4 Qxc4 13. Qxd6 Na6 14.
Rfd1 $14 {Kasparov,G-Gurevich,M/Amsterdam/1991/0,5 (38) Inf 51/90/}) 7. dxe6
Bxe6 8. b3 Bg7 9. Bb2 O-O 10. O-O Qe7 11. Nc3 Nbd7 12. Ng5 Nc5 13. Nxe6 Qxe6
14. Qc2 Ng4 15. Rad1 (15. b4 Nd7 $132) 15... a5 16. h3 (16. Nb5 Bxb2 17. Qxb2
Qe5 $10) 16... Ne5 $2 (16... Nh6 $13) 17. Nb5 $1 Rf7 (17... Rad8 18. Ba3 $1 b6
19. f4 $6 (19. Nd4 $5) 19... Nxc4 $1 20. bxc4 Qe3+ {/\cb/}) (17... Qe7 18. Nxd6
Rad8 19. Qd2 $1 Bf6 (19... Rf6 20. Nxf5 $18) 20. f4 Nf7 21. Bxf6 Qxf6 22. Qe3
$16) 18. Nxd6 (18. Rxd6 Qe7 $6 (18... Qc8 $142 19. Nc3 f4 $132) 19. Ba3 cxb5
20. Bxc5 Qc7 (20... Rc8 21. Rc6) 21. Rd5 bxc4 22. Bd6 $18) 18... Rd7 19. Ba3 b6
20. Nb5 $1 $16 Rad8 21. Nc3 a4 22. Rxd7 Rxd7 23. Rd1 axb3 24. axb3 Ra7 (24...
Bf8 $5) 25. Nb5 Rd7 26. Nd4 Rxd4 (26... Qf6 27. e3) 27. Rxd4 Nf3+ 28. Bxf3 Bxd4
29. e3 Bf6 30. Bxc5 $1 bxc5 31. Qa2 h5 (31... f4 32. exf4 Qxh3 33. Qa8+ Kg7 34.
Qa7+ $18) 32. h4 Kg7 33. Qa8 f4 (33... Qd6 34. Bxc6 Qd1+ 35. Kg2 Qxb3 36. Qa7+)
34. exf4 Bd4 35. Kg2 (35. Qa2 Qh3) 35... Qe1 36. Qa2 Qe6 37. Qd2 Kf6 38. Qc2
Kg7 39. Be4 Qf6 40. Qd3 1-0